| 000 | 01353nam0a22002891 4500 | ||
|---|---|---|---|
| 001 | rc\155390 | ||
| 005 | 20250620211940.0 | ||
| 010 |
_a5-02-029601-5 _9850 |
||
| 035 | _a(NLR Aleph) 005422501 | ||
| 090 |
_a7490925 _c7490926 |
||
| 100 | _a20030307d1991 |||y0rusy50 ca | ||
| 101 | 0 | _arus | |
| 102 | _aRU | ||
| 105 | _aa ||||||||| | ||
| 200 | 1 |
_aМоделирование и прогнозирование показателей социально-экономического развития области _fВ.М. Матросов, В.Б. Головченко, С.И. Носков _gОтв. ред. С.Н. Васильев _gАН СССР. Сиб. отд-ние. Иркут. ВЦ |
|
| 210 |
_aНовосибирск _cНаука. Сиб. отд-ние _d1991 |
||
| 215 |
_a143, [1] с. _cил. _d22 |
||
| 320 | _aБиблиогр.: с. 139-143 (137 назв.) | ||
| 700 | 1 |
_4070 _7ca _8rus _aМатросов _bВ. М. _f1932-2011 _gВладимир Мефодьевич _9241612 _3RU\NLR\AUTH\770241668 |
|
| 701 | 1 |
_aГоловченко _bВ.Б. _gВладимир Борисович |
|
| 701 | 1 |
_aНосков _bС. И. _cд-р техн. наук _f1957- _gСергей Иванович _9258803 _3RU\NLR\AUTH\770258859 |
|
| 801 | 0 |
_aRU _bNLR _gpsbo |
|
| 801 | 1 |
_aRU _bELAR _2rusmarc |
|
| 852 |
_aNLR _j91-5/5109 |
||
| 942 | _cBOOK | ||
| 980 | _aNB | ||